000 00490nam a2200193Ia 4500
005 20250224022717.0
008 240331s9999 xx 000 0 und d
020 _a9789551857103
082 _bSAT
_26540
_a954
100 _aSathiaseelan,S
245 0 _aElankyth Thamilar Varalatrin Sila Pakkangal
260 _aColombo
_bChemamadu Poththakasalai
_c2008
300 _a180 p.,
650 _aHistory
650 _aSri Lanka Tamil
650 _aCulture
650 _aReligion
942 _cL
999 _c4708
_d4708